Statistics for NFL Philadelphia Eagles Trivia

Click here to take the quiz!

General Stats

  • This quiz has been taken 1,331 times
  • The average score is 7 of 24

Answer Stats

HintAnswer% Correct
Career Passing Yards32,873Donovan McNabb
91%
Career Sacks194Reggie White
67%
CareerPunt Return Touchdowns4Desean Jackson
66%
Most fumbles89Randall Cunningham
60%
Career Interceptions34Brian Dawkins
55%
Career Interceptions Thrown151Ron Jaworski
43%
Career Field Goals Made294David Akers
40%
Most Receptions per Game5.9Terrell Owens
40%
Career Receptions589Harold Carmichael
33%
Career Passes Defended112Sheldon Brown
27%
Career Yardage for Kickoff Returns4,483Timmy Brown
27%
Career Rushing Yards6,538Wilbert Montgomery
24%
Longest Reception99 yardsMike Quick
21%
Career Fumble Recoveries21Chuck Bednarik
20%
Career Rushing Touchdowns69Steve Van Buren
20%
Only Eagle with League MVPYear:1960Norm Van Brocklin
19%
Career Interceptions34Eric Allen
17%
Career Punt Return Yards1,369Brian Mitchell
16%
Longest Punt Return98 yardsDamaris Johnson
10%
Career Tackles910Andre Waters
8%
Longest Rushing Attempt91 yardsHerschel Walker
8%
Career Fumble Recoveries for Touchdowns3Seth Joyner
8%
Career Interceptions34Bill Bradley
3%
Longest Interception Return102 YardsLito Shepphard
1%

Score Distribution

Percentile by Number Answered

Percent of People with Each Score

Your Score History

You have not taken this quiz